ARRUPE JESUIT UNIVERSITY

CORONAVIRUS -STOP THE SPREAD - CLEAN,DISINFECT,COVER

Helping people: (Record no. 125899)

MARC details
000 -LEADER
fixed length control field 00778nam a2200265 4500
001 - CONTROL NUMBER
control field 329770
003 - CONTROL NUMBER IDENTIFIER
control field ARRUPE
005 - DATE AND TIME OF LATEST TRANSACTION
control field 20161215081406.0
008 - FIXED-LENGTH DATA ELEMENTS--GENERAL INFORMATION
fixed length control field 711105s1971 nyuc b 001 0 eng
010 ## - LIBRARY OF CONGRESS CONTROL NUMBER
LC control number 75140098
020 ## - INTERNATIONAL STANDARD BOOK NUMBER
International Standard Book Number 0876680392
040 ## - CATALOGING SOURCE
Original cataloging agency DLC
Transcribing agency DLC
Modifying agency DLC
050 00 - LIBRARY OF CONGRESS CALL NUMBER
Classification number BF178.H7626
Item number K4 1971
082 00 - DEWEY DECIMAL CLASSIFICATION NUMBER
Classification number 616.89/17/0924
300 ## - PHYSICAL DESCRIPTION
Other physical details port.
Dimensions 24 cm.
100 1# - MAIN ENTRY--PERSONAL NAME
Personal name Kelman, Harold.
9 (RLIN) 28051
245 10 - TITLE STATEMENT
Title Helping people:
Remainder of title Karen Horney's psychoanalytic approach.
260 ## - PUBLICATION, DISTRIBUTION, ETC. (IMPRINT)
Place of publication, distribution, etc New York,
Name of publisher, distributor, etc Science House,
Date of publication, distribution, etc 1971.
300 ## - PHYSICAL DESCRIPTION
Extent xiii, 621 p.
350 ## - PRICE (NR) (BK AM CF MU VM SE) [OBSOLETE]
Price $18.50
504 ## - BIBLIOGRAPHY, ETC. NOTE
Bibliography, etc Bibliography: p. 592-614.
600 10 - SUBJECT ADDED ENTRY--PERSONAL NAME
Personal name Horney, Karen,
Dates associated with a name 1885-1952.
9 (RLIN) 28052
650 #0 - SUBJECT ADDED ENTRY--TOPICAL TERM
Topical term or geographic name as entry element Psychoanalysis.
9 (RLIN) 28053
906 ## - LOCAL DATA ELEMENT F, LDF (RLIN)
a 7
b cbc
c orignew
d 2
e ncip
f 19
g y-gencatlg
942 ## - ADDED ENTRY ELEMENTS (KOHA)
Source of classification or shelving scheme Library of Congress Classification
Koha item type Monograph ( Printed materials)
Holdings
Withdrawn status Lost status Source of classification or shelving scheme Damaged status Not for loan Home library Current library Date acquired Total Checkouts Full call number Barcode Date last seen Price effective from Koha item type
    Library of Congress Classification     ARRUPE LIBRARY ARRUPE LIBRARY 15/12/2016   BF178.H7626 K4 1971 46004005172 15/12/2016 15/12/2016 Monograph ( Printed materials)

 

Arrupe Library. PO Box MP320 Mt Pleasant, Harare, Zimbabwe
263 242 745411|librarian@aju.ac.zw